000 00945nam0a22002771 4500
001 v19\rc\1399120
005 20250618100309.0
035 _a(NLR Aleph) 004529898
090 _a1855105
_c1855105
100 _a20060512f18701879|||y0rusy50 ca
101 0 _arus
102 _aRU
105 _aa z |||||
200 1 _aИзвлечение из лекций минералогии, читанных в Технологическом институте П. Еремеевым
210 _a[Санкт-Петербург
_d187-?]
215 _a380 с.
_cчерт.
_d37
309 _aБез тит. л. и обл.
309 _aНаписано от руки. Литогр.
700 1 _aЕремеев
_bП.В.
_f1830-1899
_gПавел Владимирович
801 0 _aRU
_bNLR
_gpsbo
801 0 _aRU
_bRuMoRGB
_2psbo
801 1 _aRU
_bProSoft-M
_2rusmarc
852 _aNLR
_j38.15.1.5
899 _aНБ СПбГУ
942 _cBOOK
980 _aNB